<?xml version="1.0" encoding="UTF-8"?><?xml-stylesheet type="text/xsl" href="static/style.xsl"?><OAI-PMH xmlns="http://www.openarchives.org/OAI/2.0/" xmlns:xsi="http://www.w3.org/2001/XMLSchema-instance" xsi:schemaLocation="http://www.openarchives.org/OAI/2.0/ http://www.openarchives.org/OAI/2.0/OAI-PMH.xsd"><responseDate>2026-04-13T01:37:08Z</responseDate><request verb="GetRecord" identifier="oai:www.recercat.cat:2117/428773" metadataPrefix="marc">https://recercat.cat/oai/request</request><GetRecord><record><header><identifier>oai:recercat.cat:2117/428773</identifier><datestamp>2025-07-22T19:29:18Z</datestamp><setSpec>com_2072_1033</setSpec><setSpec>col_2072_452951</setSpec></header><metadata><record xmlns="http://www.loc.gov/MARC21/slim" xmlns:dcterms="http://purl.org/dc/terms/" xmlns:xsi="http://www.w3.org/2001/XMLSchema-instance" xmlns:doc="http://www.lyncode.com/xoai" xsi:schemaLocation="http://www.loc.gov/MARC21/slim http://www.loc.gov/standards/marcxml/schema/MARC21slim.xsd">
   <leader>00925njm 22002777a 4500</leader>
   <datafield ind2=" " ind1=" " tag="042">
      <subfield code="a">dc</subfield>
   </datafield>
   <datafield ind2=" " ind1=" " tag="720">
      <subfield code="a">Quiroga i Abad, Marc</subfield>
      <subfield code="e">author</subfield>
   </datafield>
   <datafield ind2=" " ind1=" " tag="260">
      <subfield code="c">2025-01</subfield>
   </datafield>
   <datafield ind2=" " ind1=" " tag="520">
      <subfield code="a">En aquest projecte s’analitza el comportament estructural d’un quadre de bicicleta amb l’objectiu principal d’optimitzar la massa total. En el món del ciclisme, minimitzar el pes dels components ha estat sempre un dels objectius principals, la disminució d’uns grams pot ser el que marqui la diferència en l’alta competició. La part central d'aquest treball, consta d’un seguit de simulacions estructurals amb Ansys per avaluar la resistència d’un quadre de bicicleta sota diferents situacions. Per realitzarho primer ha sigut necessari mesurar un quadre real per posteriorment modelar-lo amb barres. Les simulacions del projecte són assajos reals de la normativa ISO 4210 destinats a validar la qualitat dels quadres fabricats. Un cop realitzades les primeres simulacions, s’han reduït les seccions de les barres amb l’objectiu de minimitzar el pes. Finalment, per validar aquestes noves seccions es realitzen novament els mateixos assajos.</subfield>
   </datafield>
   <datafield tag="653" ind2=" " ind1=" ">
      <subfield code="a">Àrees temàtiques de la UPC::Enginyeria dels materials::Assaig de materials</subfield>
   </datafield>
   <datafield tag="653" ind2=" " ind1=" ">
      <subfield code="a">Bicycles -- Design and construction</subfield>
   </datafield>
   <datafield tag="653" ind2=" " ind1=" ">
      <subfield code="a">Structural analysis (Engineering)</subfield>
   </datafield>
   <datafield tag="653" ind2=" " ind1=" ">
      <subfield code="a">Bicicletes -- Disseny i construcció</subfield>
   </datafield>
   <datafield tag="653" ind2=" " ind1=" ">
      <subfield code="a">Estructures, Teoria de les</subfield>
   </datafield>
   <datafield ind2="0" ind1="0" tag="245">
      <subfield code="a">Optimització estructural d'un quadre de bicicleta mitjançant el mètode dels elements finits</subfield>
   </datafield>
</record></metadata></record></GetRecord></OAI-PMH>